00887 a2200193 45000010006000000050017000060080041000230030015000640400040000790800053001192450061001720200022002332640038002553000019002935050309003120410008006211000021006297000043006506057220260407155856.0260407a1974 arg spa dAR-UNSa-BCEJYS aAR-UNSa-BCEJYSbspacAR-UNSa-BCEJYS a316.35xGrupos sociales. Organizaciones sociales10aDos contra unopTeoría de coaliciones en las tríadas a978-84-206-2088-6 1aMadrid :bAlianza Editorialc1974 a213 p.c20 cm. a1. Introducción - 2. En alabanza a Georg Simmel – 3. En torno al tablero de pachisi – 4. Estrategias antropoides – 5. Triadas organizacionales – 6. La triada primaria – 7. Otras triadas familiares – 8. Los motivos de Hamlet – 9. Juegos de gran envergadura – 10. La marcha de la Historia aspa1 aCaplow, Theodore1 aSánchez Sáinz-Trápaga, Natividad